[Event "Volodarskij Spring-A"]
[Site "Volodarskij"]
[Date "2007.07.05"]
[Round "13"]
[White "Boiko, Vladimir"]
[Black "Zargarian, Ruben"]
[Result "1-0"]
[WhiteElo "2308"]
[BlackElo "2302"]
[PlyCount "87"]
[EventDate "2007.06.27"]
[EventType "tourn"]
[EventRounds "15"]
[EventCountry "RUS"]
[EventCategory "3"]
[SourceTitle "CBM 119 Extra"]
[Source "ChessBase"]
[SourceDate "2007.09.04"]
[SourceVersion "1"]
[SourceVersionDate "2007.09.04"]
[SourceQuality "1"]

1. d4 Nf6 2. c4 e6 3. Nf3 c5 4. Nc3 cxd4 5. Nxd4 Bb4 6. Bd2 0-0 7. a3 Bc5 8. Bg5 Nc6 9. e3 h6 10. Bh4 a6 11. Be2 Bxd4 12. exd4 Qb6 13. Bxf6 gxf6 14. d5 Ne5 15. 0-0 d6 16. Na4 Qc7 17. Qd4 Kg7 18. Rac1 Ng6 19. Rfd1 e5 20. Qe3 Bd7 21. Nb6 Rad8 22. c5 Bb5 23. Bg4 dxc5 24. Qxc5 Qxc5 25. Rxc5 Nf4 26. g3 Ne2+ 27. Bxe2 Bxe2 28. Rd2 Bf3 29. Rc3 Bg4 30. d6 Bd7 31. Rc7 Bc6 32. d7 f5 33. Nc4 f6 34. Na5 Rf7 35. Nxc6 bxc6 36. Rxc6 Rfxd7 37. Rxd7+ Rxd7 38. Rxa6 Rd2 39. Rb6 Kg6 40. Kf1 f4 41. gxf4 exf4 42. Kg2 Rd1 43. b4 Ra1 44. Ra6 1-0

[Event "Volodarskij Spring-A"]
[Site "Volodarskij"]
[Date "2007.07.05"]
[Round "12"]
[White "Nikolenko, Sergei"]
[Black "Boiko, Vladimir"]
[Result "1-0"]
[WhiteElo "2349"]
[BlackElo "2308"]
[PlyCount "63"]
[EventDate "2007.06.27"]
[EventType "tourn"]
[EventRounds "15"]
[EventCountry "RUS"]
[EventCategory "3"]
[SourceTitle "CBM 119 Extra"]
[Source "ChessBase"]
[SourceDate "2007.09.04"]
[SourceVersion "1"]
[SourceVersionDate "2007.09.04"]
[SourceQuality "1"]

1. c4 e6 2. Nc3 d5 3. d4 c6 4. Qb3 Be7 5. Nf3 Nf6 6. g3 0-0 7. Bg2 b6 8. 0-0 Ba6 9. cxd5 exd5 10. Rd1 Nbd7 11. Bf4 Bc4 12. Qa4 b5 13. Qc2 b4 14. Na4 Qa5 15. Ne5 Nxe5 16. dxe5 Nd7 17. e4 g5 18. Be3 Nxe5 19. b3 Bb5 20. exd5 Bxa4 21. bxa4 Ng4 22. Bxg5 Bc5 23. Rd2 f6 24. Bf4 Rad8 25. Bf3 Ne5 26. Be4 cxd5 27. Bxh7+ Kh8 28. Kg2 Nc4 29. Qg6 Rd7 30. Rxd5 Rxd5 31. Qh6 Rf7 32. Be4+ 1-0

[Event "Volodarskij Spring-A"]
[Site "Volodarskij"]
[Date "2007.07.01"]
[Round "7"]
[White "Boiko, Vladimir"]
[Black "Klyashtorny, Vladislav"]
[Result "0-1"]
[WhiteElo "2308"]
[BlackElo "2364"]
[PlyCount "70"]
[EventDate "2007.06.27"]
[EventType "tourn"]
[EventRounds "15"]
[EventCountry "RUS"]
[EventCategory "3"]
[SourceTitle "CBM 119 Extra"]
[Source "ChessBase"]
[SourceDate "2007.09.04"]
[SourceVersion "1"]
[SourceVersionDate "2007.09.04"]
[SourceQuality "1"]

1. d4 g6 2. c4 d6 3. e4 Bg7 4. Nc3 Nc6 5. d5 Nb8 6. Bd3 Nf6 7. Nge2 c6 8. 0-0 0-0 9. h3 e6 10. dxe6 Bxe6 11. Bg5 Nbd7 12. Nf4 Ne5 13. Nxe6 fxe6 14. Be2 Nf7 15. Be3 Bh6 16. Bxh6 Nxh6 17. b4 Nf7 18. Qb3 Qe7 19. Rad1 Rad8 20. f4 g5 21. g3 gxf4 22. gxf4 e5 23. c5 exf4 24. cxd6 Rxd6 25. Rxf4 Kh8 26. Rdf1 Ne5 27. Kh1 Rg8 28. Nd1 Qg7 29. Ne3 Qg3 30. Ng4 Rd3 31. Bxd3 Qxh3+ 32. Kg1 Qg3+ 33. Kh1 Nexg4 34. Qb2 Qh3+ 35. Kg1 Ne3+ 0-1

[Event "Volodarskij Spring-A"]
[Site "Volodarskij"]
[Date "2007.06.30"]
[Round "5"]
[White "Boiko, Vladimir"]
[Black "Shpagin, Vlas"]
[Result "1-0"]
[WhiteElo "2308"]
[BlackElo "2123"]
[PlyCount "69"]
[EventDate "2007.06.27"]
[EventType "tourn"]
[EventRounds "15"]
[EventCountry "RUS"]
[EventCategory "3"]
[SourceTitle "CBM 119 Extra"]
[Source "ChessBase"]
[SourceDate "2007.09.04"]
[SourceVersion "1"]
[SourceVersionDate "2007.09.04"]
[SourceQuality "1"]

1. e4 Nf6 2. d3 d5 3. Nd2 e6 4. Ngf3 Be7 5. g3 0-0 6. Bg2 b6 7. e5 Nfd7 8. 0-0 Bb7 9. Re1 c5 10. h4 Nc6 11. Nf1 Re8 12. N1h2 Bf8 13. Bf4 f6 14. exf6 Nxf6 15. Bh3 Bc8 16. Ne5 Nxe5 17. Bxe5 Bd6 18. Nf3 Bxe5 19. Nxe5 Nd7 20. Qh5 Nxe5 21. Rxe5 Bd7 22. Rae1 Qf6 23. Qe2 Kf7 24. Bg4 Re7 25. Bh5+ Kg8 26. Bf3 Bc6 27. Rxe6 Rxe6 28. Qxe6+ Qxe6 29. Rxe6 Be8 30. Bxd5 Bf7 31. Bxa8 Bxe6 32. a3 c4 33. d4 c3 34. bxc3 Bf5 35. Bd5+ 1-0

[Event "Volodarskij Spring-A"]
[Site "Volodarskij"]
[Date "2007.06.29"]
[Round "4"]
[White "Kravchenja, Anastasija"]
[Black "Boiko, Vladimir"]
[Result "0-1"]
[WhiteElo "2042"]
[BlackElo "2308"]
[PlyCount "28"]
[EventDate "2007.06.27"]
[EventType "tourn"]
[EventRounds "15"]
[EventCountry "RUS"]
[EventCategory "3"]
[SourceTitle "CBM 119 Extra"]
[Source "ChessBase"]
[SourceDate "2007.09.04"]
[SourceVersion "1"]
[SourceVersionDate "2007.09.04"]
[SourceQuality "1"]

1. e4 e5 2. Nf3 Nc6 3. d4 exd4 4. Nxd4 Qh4 5. Nb5 Nf6 6. Nxc7+ Kd8 7. Nxa8 Bc5 8. Qe2 Nxe4 9. Be3 Re8 10. g3 Qf6 11. Bg2 Nxf2 12. 0-0 Rxe3 13. Qc4 Nd4 14. b4 b5 0-1